000 00950nam a2200217 a 4500
008 100329s1993 ||||||||||||||||| || u
020 _a0070387672
050 _aHF 5415.3 Lou
100 _aBitta, Albert J. Della
245 1 0 _aConsumer behaviour: concepts and applications. -- 4th ed.
_cDavid L. Loudon; Albert J. Della Bitta
250 _a4th ed.
260 _aNew York:
_bMcGraw-Hill
_c1993
300 _axxiii, 788p.: ill.
350 _a0.00
650 _aCONSUMER BEHAVIOUR
650 0 _aMARKETING--MANAGEMENT--CASE STUDIES
650 _aCONSUMER BEHAVIOUR--UNITED STATES--CASE STUDIES
700 _aLoudon, David L
995 _aBINDERY (DAMAGED)
_D0.00
_e741202
_FCBU-MAIN LIBRARY (Kitwe)
_H1
_I0.00
_jHF 5415.3 Lou
_M1
_UDAMAGED
_WMay 3, 2010
_y741202
_ZMain Library Open Access Collection
995 _aBINDERY (DAMAGED)
_D0.00
_e727179
_FCBU-MAIN LIBRARY (Kitwe)
_H1
_I22.95
_jHF 5415.3 Lou
_M1
_UDAMAGED
_y000151
_ZMain Library Open Access Collection
999 _c79805
_d79805